Varsinais-Suomen urheiluseuroja - Statistics

Yleistilastot
  • Tätä visaa on pelattu 60 kertaa
  • Keskiarvotulos 10 / 24
Vastaustilastot
Kuvavisa Hint Vastaus % Oikein
Liiga | Auroraliiga | Ykkösliiga | N Ykkönen Turun Palloseura
89%
Veikkausliiga FC Inter
83%
Mestis TUTO Hockey
83%
N Futsal-Liiga Raisio Futis
70%
mm. suunnistus, yleisurheilu Liedon Parma
60%
M Korisliiga Korihait
53%
M F-liiga FBC Turku
49%
M Mestaruusliiga Hurrikaani-Loimaa
45%
M Futsal-Liiga Turun Pallokerho
45%
mm. yleisurheilu Turun Urheiluliitto
45%
M Aktialiiga Åbo IFK
43%
N Superpesis Laitilan Jyske
42%
M Korisliiga Loimaan Korikonkarit
40%
mm. suunnistus, käsipallo, jalkapallo Pargas IF
40%
Ringeten SM-sarja Raision Nuorisokiekko
40%
suunnistus Angelniemen Ankkuri
38%
N Superpesis Pöytyän Urheilijat
25%
M Mestaruusliiga Raision Loimu
23%
N Vaahteraliiga | M II-divisioona Turku Trojans
23%
Ykkösliiga Salon Palloilijat
21%
M Korisliiga Salon Vilpas
21%
suunnistus Turun Suunnistajat
21%
M Futsal-Liiga Someron Voima
19%
suunnistus Vakka-Rasti
8%
Ehtoja vastaavia visoja ei löytynyt
Tulosjakauma
Jokaisen tuloksen saaneiden osuus
Persentiili vastausten määrän mukaan
Tuloshistoriasi
Et ole pelannut tätä visaa